000 00620nam a2200193Ia 4500
003 GCL
008 140319s9999 xx 000 0 ara d
040 _aGCL /
_cGCL
082 0 4 _a810.96
_bأ ت
100 1 _aاحسان عباس
245 1 0 _aتاريخ الادب الاندلسى - عصر سيادة قرطبة /
_cاحسان عباس
260 _a[S.N] :
_bدار الثقافة العربية ،
_c1985
300 _a454 ص
490 _aالمكتبة الاندلسية
_v0
650 0 4 _aالادب العربى
650 0 4 _aالادباء العرب
650 0 4 _aتاريخ ونقد
942 _2ddc
_cBK
999 _c33566
_d33566